Jaký je skutečný rozsah ošetřovatelské péče v pobytových zařízeních sociálních služeb?

Rozsah poskytovanej ošetrovateľskej starostlivosti v pobytových zariadeniach sociálnych služieb. Porovnanie nákladov zariadení sociálnych služieb s údajmi zdravotných poisťovní za túto formu starostlivosti. Riešenie a odstránenie nedostatkov.

Gespeichert in:
Bibliographische Detailangaben
1. Verfasser: Langhamrová, Jana
Weitere Verfasser: Průša, Ladislav
Format: Buchkapitel
Sprache:Tschechisch
Schlagworte:
Tags: Tag hinzufügen
Keine Tags, Fügen Sie das erste Tag hinzu!

MARC

LEADER 00000naa a2200000 4500
001 0215257
005 20221019174025.6
041 0 |a cze 
044 |a CZ 
245 1 0 |a Jaký je skutečný rozsah ošetřovatelské péče v pobytových zařízeních sociálních služeb?  |c Jana Langhamrová, Ladislav Průša 
520 |a Rozsah poskytovanej ošetrovateľskej starostlivosti v pobytových zariadeniach sociálnych služieb. Porovnanie nákladov zariadení sociálnych služieb s údajmi zdravotných poisťovní za túto formu starostlivosti. Riešenie a odstránenie nedostatkov. 
610 2 0 |a služby starostlivosti sociálnej 
610 2 0 |a zariadenia starostlivosti sociálnej 
610 2 0 |a služby sociálne 
610 2 0 |a starostlivosť sociálna 
610 2 0 |a starostlivosť zdravotná 
610 2 0 |a financovanie 
100 1 |a Langhamrová, Jana 
700 1 |a Průša, Ladislav